000 00612 a2200217 4500
001 63998
005 20260521160828.0
008 260521a1967 arg spa d
003 AR-UNSa-BCEJYS
040 _aAR-UNSa-BCEJYS
_bspa
_cAR-UNSa-BCEJYS
080 _a658.5
_xPlanificación y control de la producción
245 1 0 _aPlanificación y control de producción
250 _a2a. ed.
264 1 _aBilbao :
_bEdiciones Deusto
_c1967
300 _axvi, 490 p.
_c28 cm.
505 _a1.
041 _aspa
942 _cBK
590 _aniveau_biblio:m niveau_hierar:0
100 1 _aArjona Ciria, Antonio
999 _c36476
_d36476